<?xml version="1.0" encoding="UTF-8"?>
<record
    xmlns:xsi="http://www.w3.org/2001/XMLSchema-instance"
    xsi:schemaLocation="http://www.loc.gov/MARC21/slim http://www.loc.gov/standards/marcxml/schema/MARC21slim.xsd"
    xmlns="http://www.loc.gov/MARC21/slim">

  <leader>01856nam a2200277 a 4500</leader>
  <controlfield tag="001">000000182</controlfield>
  <controlfield tag="005">20250401135740.0</controlfield>
  <controlfield tag="008">081127s2007    dr ac         001 0 spa d</controlfield>
  <datafield tag="020" ind1=" " ind2=" ">
    <subfield code="a">9789945859126</subfield>
  </datafield>
  <datafield tag="020" ind1=" " ind2=" ">
    <subfield code="a">9945859129</subfield>
  </datafield>
  <datafield tag="040" ind1=" " ind2=" ">
    <subfield code="a">DO-SdBNP</subfield>
    <subfield code="b">spa</subfield>
    <subfield code="c">BNPHU</subfield>
  </datafield>
  <datafield tag="082" ind1=" " ind2=" ">
    <subfield code="a">R 923.2</subfield>
    <subfield code="b">C436d</subfield>
  </datafield>
  <datafield tag="100" ind1="1" ind2=" ">
    <subfield code="a">Chaljub Mej&#xED;a, Rafael</subfield>
    <subfield code="d">1942-</subfield>
    <subfield code="9">18985</subfield>
  </datafield>
  <datafield tag="245" ind1="1" ind2="0">
    <subfield code="a">Diccionario biogr&#xE1;fico de los restauradores de la Rep&#xFA;blica /</subfield>
    <subfield code="c">Rafael Chaljub Mej&#xED;a ; presentaci&#xF3;n Daniel Toribio.</subfield>
  </datafield>
  <datafield tag="260" ind1=" " ind2=" ">
    <subfield code="a">Santo Domingo :</subfield>
    <subfield code="b">BanReservas,</subfield>
    <subfield code="c">2007.</subfield>
  </datafield>
  <datafield tag="300" ind1=" " ind2=" ">
    <subfield code="a">319 p. :</subfield>
    <subfield code="b">il., retrs. ;</subfield>
    <subfield code="c">23 cm.</subfield>
  </datafield>
  <datafield tag="490" ind1="1" ind2=" ">
    <subfield code="a">Banreservas. Serie historia, segunda &#xE9;poca</subfield>
    <subfield code="v">2</subfield>
  </datafield>
  <datafield tag="504" ind1=" " ind2=" ">
    <subfield code="a">Bibliografia: p. 313-314</subfield>
  </datafield>
  <datafield tag="505" ind1="0" ind2=" ">
    <subfield code="t">Daniel Toribio administrador general del Banco de Reservas de la Rep&#xFA;blica Dominicana --</subfield>
    <subfield code="t">Palabras del autor --</subfield>
    <subfield code="t">Abad, Juan Manuel --</subfield>
    <subfield code="t">Ba&#xE9;z, Carlos --</subfield>
    <subfield code="t">Caba, Antonio --</subfield>
    <subfield code="t">Chanlatte, Jos&#xE9; Aniceto - Ba&#xFA;l --</subfield>
    <subfield code="t">Daniel, Remigio --</subfield>
    <subfield code="t">Erazo, Juan --</subfield>
    <subfield code="t">Favard, Juan Enrique --</subfield>
    <subfield code="t">Garc&#xED;a, Federico de Jes&#xFA;s --</subfield>
    <subfield code="t">Heneken, Teodoro Stanley --</subfield>
    <subfield code="t">Imbert, Segundo --</subfield>
    <subfield code="t">Jim&#xE9;nez, Manuel De Jes&#xFA;s (Caravana) --</subfield>
    <subfield code="t">Kingsley, Oceoba --</subfield>
    <subfield code="t">Laffite, Juan o Juan Noues&#xED; --</subfield>
    <subfield code="t">Maldonado, Blas --</subfield>
    <subfield code="t">N&#xFA;&#xF1;ez, Eusebio --</subfield>
    <subfield code="t">Ogando, Andr&#xE9;s (Mano Andr&#xE9;s) --</subfield>
    <subfield code="t">Paradas, Juan Bautista -- .</subfield>
    <subfield code="t">Quezada, Miguel --</subfield>
    <subfield code="t">Redondo o Arredondo, Isa&#xED;as --</subfield>
    <subfield code="t">Salcedo, Jos&#xE9; Antonio (Pepillo) --</subfield>
    <subfield code="t">Tavera, Fernando --</subfield>
    <subfield code="t">Ure&#xF1;a, Basilio --</subfield>
    <subfield code="t">Valverde y Lara, Pedro --</subfield>
    <subfield code="t">Zafra, Juan Bautista --</subfield>
    <subfield code="t">Bibliograf&#xED;a --</subfield>
    <subfield code="t">Ap&#xE9;ndice fotogr&#xE1;fico.</subfield>
  </datafield>
  <datafield tag="650" ind1=" " ind2="4">
    <subfield code="a">Rep&#xFA;blica dominicana</subfield>
    <subfield code="x">Historia</subfield>
    <subfield code="y">RESTAURACI&#xD3;N, 1863-1865</subfield>
    <subfield code="9">585</subfield>
  </datafield>
  <datafield tag="650" ind1=" " ind2="4">
    <subfield code="a">Pol&#xED;ticos</subfield>
    <subfield code="z">Rep&#xFA;blica Dominicana</subfield>
    <subfield code="x">Biograf&#xED;as</subfield>
    <subfield code="x">Diccionarios</subfield>
    <subfield code="9">586</subfield>
  </datafield>
  <datafield tag="650" ind1=" " ind2="4">
    <subfield code="a">Biograf&#xED;as</subfield>
    <subfield code="v">DICCIONARIOS</subfield>
    <subfield code="z">Rep&#xFA;blica Dominicana</subfield>
    <subfield code="9">587</subfield>
  </datafield>
  <datafield tag="700" ind1="1" ind2="2">
    <subfield code="a">Toribio, Daniel</subfield>
    <subfield code="9">588</subfield>
  </datafield>
  <datafield tag="830" ind1=" " ind2="0">
    <subfield code="a">Banreservas.</subfield>
    <subfield code="p">Serie historia, segunda &#xE9;poca</subfield>
    <subfield code="n">2</subfield>
    <subfield code="9">589</subfield>
  </datafield>
  <datafield tag="910" ind1=" " ind2=" ">
    <subfield code="a">Validado. Control de calidad MMOLINA</subfield>
  </datafield>
  <datafield tag="952" ind1=" " ind2=" ">
    <subfield code="0">0</subfield>
    <subfield code="1">0</subfield>
    <subfield code="5">2</subfield>
    <subfield code="7">5</subfield>
    <subfield code="8">DS</subfield>
    <subfield code="a">BNPHU</subfield>
    <subfield code="b">BNPHU</subfield>
    <subfield code="c">HD</subfield>
    <subfield code="d">2009-07-20</subfield>
    <subfield code="i">LF1</subfield>
    <subfield code="l">0</subfield>
    <subfield code="o">R 923.2 C436d</subfield>
    <subfield code="p">182-30</subfield>
    <subfield code="r">2020-06-25</subfield>
    <subfield code="t">e. 3</subfield>
    <subfield code="w">2020-06-25</subfield>
    <subfield code="y">LF1</subfield>
    <subfield code="Z">Pr&#xE9;stamo interno</subfield>
  </datafield>
  <datafield tag="952" ind1=" " ind2=" ">
    <subfield code="0">0</subfield>
    <subfield code="1">0</subfield>
    <subfield code="5">2</subfield>
    <subfield code="7">5</subfield>
    <subfield code="8">DS</subfield>
    <subfield code="a">BNPHU</subfield>
    <subfield code="b">BNPHU</subfield>
    <subfield code="c">HD</subfield>
    <subfield code="d">2009-07-21</subfield>
    <subfield code="i">LF1</subfield>
    <subfield code="l">0</subfield>
    <subfield code="o">R 923.2 C436d</subfield>
    <subfield code="p">182-40</subfield>
    <subfield code="r">2020-06-25</subfield>
    <subfield code="t">e. 4</subfield>
    <subfield code="w">2020-06-25</subfield>
    <subfield code="y">LF1</subfield>
    <subfield code="Z">Pr&#xE9;stamo interno</subfield>
  </datafield>
  <datafield tag="952" ind1=" " ind2=" ">
    <subfield code="0">0</subfield>
    <subfield code="1">0</subfield>
    <subfield code="5">4</subfield>
    <subfield code="7">5</subfield>
    <subfield code="8">DS</subfield>
    <subfield code="a">BNPHU</subfield>
    <subfield code="b">BNPHU</subfield>
    <subfield code="c">HD</subfield>
    <subfield code="d">2014-02-11</subfield>
    <subfield code="i">LF1</subfield>
    <subfield code="l">0</subfield>
    <subfield code="o">R 923.2 C436d</subfield>
    <subfield code="p">182-50</subfield>
    <subfield code="r">2020-06-25</subfield>
    <subfield code="t">e. 5</subfield>
    <subfield code="w">2020-06-25</subfield>
    <subfield code="y">LF1</subfield>
    <subfield code="Z">Pr&#xE9;stamo en sala</subfield>
  </datafield>
  <datafield tag="952" ind1=" " ind2=" ">
    <subfield code="0">0</subfield>
    <subfield code="1">0</subfield>
    <subfield code="7">1</subfield>
    <subfield code="8">PD</subfield>
    <subfield code="a">BNPHU</subfield>
    <subfield code="b">BNPHU</subfield>
    <subfield code="c">HD</subfield>
    <subfield code="d">2009-06-22</subfield>
    <subfield code="e">001601</subfield>
    <subfield code="i">LF1</subfield>
    <subfield code="l">0</subfield>
    <subfield code="o">R 923.2 C436d</subfield>
    <subfield code="p">182-10</subfield>
    <subfield code="r">2020-06-25</subfield>
    <subfield code="w">2020-06-25</subfield>
    <subfield code="y">1</subfield>
    <subfield code="Z">No se presta</subfield>
  </datafield>
  <datafield tag="952" ind1=" " ind2=" ">
    <subfield code="0">0</subfield>
    <subfield code="1">0</subfield>
    <subfield code="7">1</subfield>
    <subfield code="8">PD</subfield>
    <subfield code="a">BNPHU</subfield>
    <subfield code="b">BNPHU</subfield>
    <subfield code="c">HD</subfield>
    <subfield code="d">2009-06-22</subfield>
    <subfield code="e">001602</subfield>
    <subfield code="i">LF1</subfield>
    <subfield code="l">0</subfield>
    <subfield code="o">R 923.2 C436d</subfield>
    <subfield code="p">182-20</subfield>
    <subfield code="r">2020-06-25</subfield>
    <subfield code="t">e. 2</subfield>
    <subfield code="w">2020-06-25</subfield>
    <subfield code="y">1</subfield>
    <subfield code="Z">No se presta</subfield>
  </datafield>
  <datafield tag="999" ind1=" " ind2=" ">
    <subfield code="c">182</subfield>
    <subfield code="d">182</subfield>
  </datafield>
</record>
